Case news: Dogan v Semali Investments (Record no. 75839)
[ view plain ]
| 000 -LEADER | |
|---|---|
| fixed length control field | 01787cab a2200205 4500 |
| 001 - CONTROL NUMBER | |
| control field | L130855 |
| 008 - FIXED-LENGTH DATA ELEMENTS--GENERAL INFORMATION | |
| fixed length control field | 050907n2005 000 0 eng u |
| 035 ## - SYSTEM CONTROL NUMBER | |
| System control number | (Sirsi) u130855 |
| 041 ## - LANGUAGE CODE | |
| Language code of text/sound track or separate title | eng |
| 100 ## - MAIN ENTRY--PERSONAL NAME | |
| Personal name | Ross, Jonathan |
| 245 ## - TITLE STATEMENT | |
| Title | Case news: Dogan v Semali Investments |
| 260 ## - PUBLICATION, DISTRIBUTION, ETC. | |
| Date of publication, distribution, etc. | 2005 |
| 490 ## - SERIES STATEMENT | |
| Series statement | Property Week |
| Volume/sequential designation | 70(34) 26 August 2005, 63(1) |
| 520 ## - SUMMARY, ETC. | |
| Summary, etc. | Considers "Dogan v Semali Investments" ([2005] EWCA Civ 1036, [2005] 50 EG 92-97(6)defendant landlord (S) appealed against judege's decision under section 30(1)(f) of the Landlord and Tenant Act 1954. Under this section of the Act, a landlord can oppose renewal of a lease of business premises if it can show an intention to demolish, reconstruct or carry out extensive construction works. S had gained planning permission to carry out an extension to it's property. However this work was dependant on gaining access to the property via an agreement with an NHS trust. At the original trial these negotiations had broken down, and S produced expert evidence that stated that the scheme could go ahead in a limited manner without the access. The judge did not believe that the landlord had any intention to proceeding with the scheme and accordingly decided that the tenant should have a new lease. The CA disagreed with the judge, and that, he did not have proper regard for the expert evidence. In addition S had gained planning consent for the revised scheme. |
| 590 ## - LOCAL NOTE (RLIN) | |
| Local note | IKA130905 |
| 650 ## - SUBJECT ADDED ENTRY--TOPICAL TERM | |
| Topical term or geographic name entry element | LANDLORD AND TENANT ACT 1954 |
| 690 ## - LOCAL SUBJECT ADDED ENTRY--TOPICAL TERM (OCLC, RLIN) | |
| Topical term or geographic name as entry element | PROPERTY-COMMERCIAL PROPERTY-LEASEHOLD COMMERCIAL PROPERTY-COMMERCIAL LANDLORD AND TENANT-COMMERCIAL LEASES-COMMERCIAL LEASE RENEWAL |
| 856 ## - ELECTRONIC LOCATION AND ACCESS | |
| Uniform Resource Identifier | <a href="https://www.bailii.org/ew/cases/EWCA/Civ/2005/1036.html">https://www.bailii.org/ew/cases/EWCA/Civ/2005/1036.html</a> |
| Public note | View the case free of charge at www.bailii.org... |
| 942 ## - ADDED ENTRY ELEMENTS (KOHA) | |
| Suppress in OPAC | 0 |
| Withdrawn status | Lost status | Source of classification or shelving scheme | Damaged status | Not for loan | Home library | Current library | Shelving location | Date acquired | Total Checkouts | Full call number | Barcode | Date last seen | Copy number | Price effective from | Koha item type |
|---|---|---|---|---|---|---|---|---|---|---|---|---|---|---|---|
| Dewey Decimal Classification | London | London | Journal article | 07/09/2005 | L130855 | 130855-1001 | 06/08/2019 | 1 | 06/08/2019 | Journal article |